| 000 -CABECERA |
| Longitud fija campo de control |
00659nam a2200217 c 4500 |
| 001 - NÚMERO DE CONTROL |
| Número de control |
a7287117 |
| 003 - IDENTIFICADOR DEL NÚMERO DE CONTROL |
| Identificador del número de control |
OSt |
| 005 - FECHA Y HORA DE LA ÚLTIMA TRANSACCIÓN |
| Fecha y hora de la última transacción |
20230608171705.0 |
| 008 - CÓDIGOS DE INFORMACIÓN DE LONGITUD FIJA |
| Códigos de información de longitud fija |
230518s sp | |||| 000 spa |
| 017 ## - NÚMERO DE COPYRIGHT O DE DEPÓSITO LEGAL |
| Número de copyright o de depósito legal |
M 5603-2023 |
| Agencia que asigna el número |
Oficina Depósito Legal Madrid |
| 020 ## - NÚMERO INTERNACIONAL NORMALIZADO PARA LIBROS |
| Número Internacional Normalizado para Libros (ISBN) |
9788441547940 |
| 040 ## - FUENTE DE LA CATALOGACIÓN |
| Centro catalogador de origen |
CDMR |
| Centro transcriptor |
CDMR |
| Lengua de catalogación |
cat |
| 100 ## - PUNTO DE ACCESO PRINCIPAL-NOMBRE DE PERSONA |
| 9 (RLIN) |
4851 |
| Nombre de persona |
López, Alberto |
| 245 ## - MENCIÓN DE TÍTULO |
| Título |
Agencia de marketing digital |
| Resto del título |
: creación, gestión y crecimiento |
| Mención de responsabilidad, etc. |
/ Alberto López |
| 260 ## - PUBLICACIÓN, DISTRIBUCIÓN, ETC. (PIE DE IMPRENTA) |
| Lugar de publicación, distribución, etc. |
Madrid |
| Nombre del editor, distribuidor, etc. |
: Anaya Multimedia |
| Fecha de publicación, distribución, etc. |
, 2023 |
| 300 ## - DESCRIPCIÓN FÍSICA |
| Extensión |
268 pàgines |
| 490 ## - MENCIÓN DE SERIE |
| Mención de serie |
Social Business |
| 650 #0 - PUNTO DE ACCESO ADICIONAL DE MATERIA - TÉRMINO DE MATERIA |
| 9 (RLIN) |
4161 |
| Término de materia o nombre geográfico como elemento inicial |
Màrqueting digital |
| Subdivisión de materia general |
Direcció i administració |
| 942 ## - ENTRADA DE ELEMENTOS AGREGADOS (KOHA) |
| Fuente de clasificaión o esquema |
|
| Koha [por defecto] tipo de item |
Monografies |
| 956 ## - LOCALIZACIÓN Y ACCESO ELECTRÓNICO LOCAL (OCLC) |
| Nombre de la fuente |
2 |